000 01009nam a22003377a 4500
001 0051767
003 KOHA_MİRAKIL
005 20260207003817.0
007 ta
008 150629b2013 tu |||gr||||#||||0|tur |
020 _a9786051336541
040 _aTR-BiSEU
_btur
_cTR-BiSEU
_erda
041 0 _atur
044 _ctu
050 _aQA371
_b.P35 2013
100 1 _aPala, Yaşar.
245 1 _aModern uygulamalı diferensiyel denklemler/
_cYaşar Pala ; Yaşar Pala.
250 _a2. Baskı
264 1 _aAnkara :
_bNobel Akademik Yayıncılık
_c2013
300 _aXIII, 721 sayfa ;
_c24 cm.
336 _ametin
_btxt
_2rdacontent
337 _aaracısız
_bn
_2rdamedia
338 _acilt
_bnc
_2rdacarrier
490 1 _aNobel yayın ;
_v752.
490 1 _aMatematik-İstatistik ;
_v44
650 0 _aDiferansiyel denklemler.
_91691
650 0 _aDifferential equations.
_91690
830 1 _aNobel yayın ;
_v752.
_91510
830 1 _aMatematik-İstatistik ;
_v44
_950558
942 _2lcc
_cBK
999 _c51587
_d51587